Využitie nástrojov environmentálnej politiky vo výrobnom podniku
Uložené v:
| Hlavný autor: | |
|---|---|
| Ďalší autori: | |
| Médium: | Rukopis Kniha |
| Jazyk: | Slovak |
| Vydavateľské údaje: |
2016
|
| Predmet: | |
| On-line prístup: | http://is.stuba.sk/zp/portal_zp.pl?podrobnosti=133192 |
| Tagy: |
Žiadne tagy, Buďte prvý, kto otaguje tento záznam!
|
MARC
| LEADER | 00000ntm a22000003a 4500 | ||
|---|---|---|---|
| 001 | stuzp58364 | ||
| 003 | SK-STU | ||
| 005 | 20160719155536.4 | ||
| 007 | ta | ||
| 008 | 150427s2015----xo-----f-mn---000-0-slo-d | ||
| 040 | |a STU |b slo | ||
| 041 | 0 | |a slo | |
| 100 | 1 | |a Fekete, Patrik |u 020070 |4 aut |U SjF Strojnícka fakulta |T SjF Ústav výrobných systémov, enviromentálnej techniky a manažment kvality |X 9255 |U J0070 |Y 804 |7 9255 | |
| 242 | 0 | 1 | |a Use of instruments of environmental policy in a manufacturing company |y eng |
| 245 | 1 | 0 | |a Využitie nástrojov environmentálnej politiky vo výrobnom podniku |
| 260 | |c 2016 | ||
| 650 | 4 | |a životné prostredie |2 slo | |
| 650 | 4 | |a environmentálna politika |2 slo | |
| 650 | 4 | |a Wertheim |2 slo | |
| 650 | 4 | |a úspora energie |2 slo | |
| 650 | 4 | |a environment |2 eng | |
| 650 | 4 | |a environmental policy |2 eng | |
| 650 | 4 | |a Wertheim |2 eng | |
| 650 | 4 | |a saving energy |2 eng | |
| 700 | 1 | |a Součková, Ingrid |u 020070 |k Z1 |4 ths |U SjF Strojnícka fakulta |T SjF Ústav výrobných systémov, enviromentálnej techniky a manažment kvality |X 2364 |U J0070 |Y 804 |7 A000002364 | |
| 856 | 4 | |u http://is.stuba.sk/zp/portal_zp.pl?podrobnosti=133192 | |
| 996 | |b 284J043951 |c J* 2241/BP |l JJSK |s A |a 24 |w stuzp58364_0001 | ||
| SQL | |a stuzp58364 |b DBP |c SLO |d Využitie nástrojov environmentálnej politiky vo výrobnom podniku |e 9255 |f Fekete, Patrik |g 020070 |h 2364 |i Součková, Ingrid |j 20160614 |k 1127 |l 02 |m http://is.stuba.sk/zp/portal_zp.pl?podrobnosti=133192 |n B-EVT |o 5.2.50. výrobná technika | ||